Small farmers development manual V.2: (Record no. 160873)
[ view plain ]
| 000 -LEADER | |
|---|---|
| fixed length control field | 00679nam a22001577a 4500 |
| 003 - CONTROL NUMBER IDENTIFIER | |
| control field | OSt |
| 082 ## - DEWEY DECIMAL CLASSIFICATION NUMBER | |
| Classification number | 630.715 FOO/SM |
| 245 ## - TITLE STATEMENT | |
| Title | Small farmers development manual V.2: |
| Remainder of title | the field workshop: a methodology for planning, training and evaluation of programmes for small farmers/fishermen and landless agricultural laboures |
| 260 ## - PUBLICATION, DISTRIBUTION, ETC. (IMPRINT) | |
| Place of publication, distribution, etc | Thailand |
| Name of publisher, distributor, etc | Regional Office for Asia and the Far East |
| -- | Food and Agricultural Organization of the United Nations |
| Date of publication, distribution, etc | 1979 |
| 300 ## - PHYSICAL DESCRIPTION | |
| Extent | viii, 78p. |
| 500 ## - GENERAL NOTE | |
| General note | Small Farmers Development Team |
| 546 ## - LANGUAGE | |
| Language note | English |
| 650 ## - SUBJECT ADDED ENTRY--TOPICAL TERM | |
| Topical term or geographic name as entry element | Farmers Training |
| 650 ## - SUBJECT ADDED ENTRY--TOPICAL TERM | |
| Topical term or geographic name as entry element | Training for Farmers, Fishermen and Landless Agricultural Labours |
| 942 ## - ADDED ENTRY ELEMENTS (KOHA) | |
| Source of classification or shelving scheme | Dewey Decimal Classification |
| Koha item type | Books (General) |
| Lost status | Source of classification or shelving scheme | Damaged status | Not for loan | Collection code | Home library | Current library | Shelving location | Date acquired | Total Checkouts | Full call number | Barcode | Date last seen | Koha item type |
|---|---|---|---|---|---|---|---|---|---|---|---|---|---|
| Dewey Decimal Classification | General | KAU Central Library, Thrissur | KAU Central Library, Thrissur | General | 08/06/2018 | 630.715 FOO/SM | 809515 | 08/06/2018 | Books (General) |
